00493nam a2200181Ia 4500003000400000005001700004008004100021020001500062040000700077041000800084082001700092100004200109245007400151260004000225300001500265365001300280650001800293OSt20230503093708.0210423s2003 xx 000 0 und d a8173714479 cAL aeng a660.603 STEM aSTEINBERG (Mark L);COSLOY (Sharon D). aUniversity press dictionary of biotechnology and genetic engineering. aHyderabadbUniversities Pressc2003 axi,227bPB b150cINR aBiotechnology